Word Puzzle: Restaurants - Statistics

General Stats
  • This quiz has been taken 60 times
  • The average score is 27 of 32
Answer Stats
Hint Answer % Correct
the 4th letter of the alphabet d
96%
the 15 letter of the alphabet o
96%
not young but old
94%
a pirates favorite letter r
94%
me, myself and.... i
92%
not a queen but a king
92%
a seed or a dry fruit covered by a spikey case bur
90%
Restaurant: mcdonalds
90%
pirates sail seven of these seas
90%
not front but back
88%
insects that go buzz bees
88%
Restaurant: burger king
88%
not smart but dumb
88%
not in but out
88%
who what _? where and why when
88%
what you pay when you go over a bridge toll
86%
Restaurant: wendys
86%
the first apperance of light in the sky before sunrise dawn
84%
a sound a tiger makes ger
84%
another word for home house
84%
an abbreviated version of what you sing into on a stage mic
84%
what you smell out of nose
82%
Restaurant: arby's
80%
a beef product made from cow steak
80%
what you ring bell
78%
Restaurant: taco bell
78%
the past tense of light lit
76%
Restaurant: outback steakhouse
76%
what you do when you open your mouth talk
76%
Restaurant: dominos
67%
Restaurant: little caesars
55%
what brits say when they stammer er
53%
No matching quizzes found
Score Distribution
Percent of People with Each Score
Percentile by Number Answered
Your Score History
You have not taken this quiz